Starostlivosť o seba a sebakontrola u zdravotníckych záchranárov
Problematika sebakontroly u záchranárov a starostlivosť o vlastné duševné a fyzické zdravie. Negatívne javy ako dôsledky pôsobenia stresu v ich práci. Najčastejšie zdroje stresu a spôsoby akými sa s nimi záchranári vyrovnávajú.
Enregistré dans:
| Auteur principal: | |
|---|---|
| Autres auteurs: | |
| Format: | Chapitre de livre |
| Langue: | slovaque |
| Sujets: | |
| Tags: |
Pas de tags, Soyez le premier à ajouter un tag!
|
MARC
| LEADER | 00000naa a2200000 4500 | ||
|---|---|---|---|
| 001 | 0205835 | ||
| 005 | 20231211074548.3 | ||
| 041 | 0 | |a slo | |
| 044 | |a CZ | ||
| 245 | 1 | 0 | |a Starostlivosť o seba a sebakontrola u zdravotníckych záchranárov |c Katarína Vasková, Bibiána Kováčová Holevová |
| 520 | |a Problematika sebakontroly u záchranárov a starostlivosť o vlastné duševné a fyzické zdravie. Negatívne javy ako dôsledky pôsobenia stresu v ich práci. Najčastejšie zdroje stresu a spôsoby akými sa s nimi záchranári vyrovnávajú. | ||
| 610 | 2 | 0 | |a stresy |
| 610 | 2 | 0 | |a psychológia sociálna |
| 610 | 2 | 0 | |a hygiena duševná |
| 610 | 2 | 0 | |a sebakontrola |
| 610 | 2 | 0 | |a sebapoznanie |
| 610 | 2 | 0 | |a starostlivosť o zdravie |
| 610 | 2 | 0 | |a pracovníci |
| 610 | 2 | 0 | |a zdravotníctvo |
| 100 | 1 | |a Vasková, Katarína | |
| 700 | 1 | |a Kováčová Holevová, Bibiána | |